Bishop Ezekiel Moreno : (Record no. 1396)
[ view plain ]
| 000 -LEADER | |
|---|---|
| fixed length control field | 01291cam a2200361 a 4500 |
| 001 - CONTROL NUMBER | |
| control field | 4922547 |
| 003 - CONTROL NUMBER IDENTIFIER | |
| control field | OSt |
| 005 - DATE AND TIME OF LATEST TRANSACTION | |
| control field | 20151015102626.0 |
| 008 - FIXED-LENGTH DATA ELEMENTS--GENERAL INFORMATION | |
| fixed length control field | 950112m19939999ph ab b 000 0beng |
| 010 ## - LIBRARY OF CONGRESS CONTROL NUMBER | |
| LC control number | 94942872 |
| 020 ## - INTERNATIONAL STANDARD BOOK NUMBER | |
| International Standard Book Number | 9718864016 (v. 1) |
| 040 ## - CATALOGING SOURCE | |
| Original cataloging agency | DLC |
| Transcribing agency | DLC |
| Modifying agency | DLC |
| 042 ## - AUTHENTICATION CODE | |
| Authentication code | lcode |
| 043 ## - GEOGRAPHIC AREA CODE | |
| Geographic area code | e-sp--- |
| 050 00 - LIBRARY OF CONGRESS CALL NUMBER | |
| Classification number | BX 4700 |
| Item number | .R758 1993 |
| 082 00 - DEWEY DECIMAL CLASSIFICATION NUMBER | |
| Classification number | FIL 920.282 |
| Item number | R66 1993 |
| 100 1# - MAIN ENTRY--PERSONAL NAME | |
| Personal name | Romanillos, Emmanuel Luis A. |
| 245 10 - TITLE STATEMENT | |
| Title | Bishop Ezekiel Moreno : |
| Remainder of title | an Augustinian Recollect saint among Filipinos / |
| Statement of responsibility, etc | Emmanuel Luis A. Romanillos. |
| 260 ## - PUBLICATION, DISTRIBUTION, ETC. (IMPRINT) | |
| Place of publication, distribution, etc | Quezon City, Philippines : |
| Name of publisher, distributor, etc | Agustinos Recoletos, Province of Saint Nicholas of Tolentino : |
| -- | Vicariate of the Philippines and China, |
| Date of publication, distribution, etc | 1993- |
| 300 ## - PHYSICAL DESCRIPTION | |
| Extent | 255 p. |
| Other physical details | ill., maps ; |
| Dimensions | 23 cm. |
| 490 0# - SERIES STATEMENT | |
| Series statement | Saint Ezekiel Moreno studies series |
| 504 ## - BIBLIOGRAPHY, ETC. NOTE | |
| Bibliography, etc | Includes bibliographical references (v. 1, p. 205-213). |
| 562 ## - COPY AND VERSION IDENTIFICATION NOTE | |
| Number of copies | 1 |
| 600 10 - SUBJECT ADDED ENTRY--PERSONAL NAME | |
| Personal name | Moreno, Ezequiel, |
| Dates associated with a name | 1848-1906. |
| 610 20 - SUBJECT ADDED ENTRY--CORPORATE NAME | |
| Corporate name or jurisdiction name as entry element | Catholic Church |
| Geographic subdivision | Bishops |
| General subdivision | Biography. |
| 650 #0 - SUBJECT ADDED ENTRY--TOPICAL TERM | |
| Topical term or geographic name as entry element | Christian saints |
| General subdivision | Spain |
| Geographic subdivision | Biography. |
| 650 #0 - SUBJECT ADDED ENTRY--TOPICAL TERM | |
| Topical term or geographic name as entry element | Bishops |
| Geographic subdivision | Spain |
| General subdivision | Biography. |
| 740 0# - ADDED ENTRY--UNCONTROLLED RELATED/ANALYTICAL TITLE | |
| Uncontrolled related/analytical title | Ezekiel Moreno. |
| 906 ## - LOCAL DATA ELEMENT F, LDF (RLIN) | |
| a | 7 |
| b | cbc |
| c | origode |
| d | 2 |
| e | ncip |
| f | 19 |
| g | y-gencatlg |
| 942 ## - ADDED ENTRY ELEMENTS (KOHA) | |
| Source of classification or shelving scheme | Library of Congress Classification |
| Koha item type | Books |
| Withdrawn status | Lost status | Source of classification or shelving scheme | Damaged status | Home library | Current library | Shelving location | Date acquired | Total Checkouts | Full call number | Barcode | Date last seen | Copy number | Price effective from | Koha item type |
|---|---|---|---|---|---|---|---|---|---|---|---|---|---|---|
| Library of Congress Classification | Luxembourg Library | Luxembourg Library | Filipiniana Section | 11/23/2012 | BX 4700 .R758 1993 vol.1 | 14556 | 08/13/2013 | 1 | 10/03/2013 | Books |